| 000 | 00700cam a22002171 4500 | ||
|---|---|---|---|
| 001 | gs 18000318 | ||
| 003 | DLC | ||
| 005 | 20260227111322.0 | ||
| 008 | 820127s1895 fr ab 000 0 fre c | ||
| 010 | _ags 18000318 | ||
| 035 | _a(OCoLC)8099027 | ||
| 040 |
_aLibrary, U.S. Geological Survey _cCU-S _dOCoLC _dDLC |
||
| 042 | _apremarc | ||
| 050 | 0 | 0 |
_aGB451 _b.G5 |
| 100 | 1 |
_aGirard, Jules, _d1825-1902. |
|
| 245 | 1 | 3 |
_aLa géographie littorale, _cpar Jules Girard ... |
| 260 |
_aParis, _bSociété d' éditions scientifiques, _c1895. |
||
| 300 |
_a2 l., 231 p. _billus. (incl. maps) _c26 cm. |
||
| 500 | _aAt head of title: Bibliothéque générale de géographie. | ||
| 650 | 0 | _aPhysical geography. | |
| 999 |
_c25866 _d25866 |
||